000 00517nam a2200181Ia 4500
999 _c12654
_d12654
003 OSt
005 20201103130357.0
008 190216s9999||||xx |||||||||||||| ||und||
020 _a0330244892
040 _coclc
082 _a823.91
_bMAU/C
100 _aMaugham, W Somerset
_94966
245 0 _aCollected Short Stories /
_cW Somerset Maugham
260 _bPenguin Books,
_c1976.
_aLondon:
300 _a474p
650 _aEnglish Stories
942 _cBK
_2ddc
_h823.91
_iMAU/C
_k823.91
_mMAU/C